[Event "Aeroflot Open B 2015"]
[Site "Moscú RUS"]
[Date "2015.04.01"]
[Round "6.20"]
[White "Dvalishvili, Pavel S"]
[Black "Liu, Chang"]
[Result "1-0"]
[WhiteElo "2439"]
[BlackElo "2357"]
[PlyCount "85"]
[EventDate "2015.03.27"]
[EventType "swiss"]
[EventRounds "9"]
[EventCountry "RUS"]
[Source "lmi"]
[SourceDate "2015.03.27"]

1. e4 d6 2. Nc3 g6 3. f4 Bg7 4. Nf3 Nf6 5. d3 c5 6. h3 Nc6 7. g4 O-O 8. Bg2 Rb8
9. O-O b5 10. Qe1 Nd4 11. Nxd4 cxd4 12. Ne2 Qc7 13. Qd1 Bb7 14. Bd2 Nd7 15. Rc1
Rbc8 16. Qe1 Qb6 17. g5 Qa6 18. Ba5 Nb8 19. a3 Nc6 20. Bd2 Nb8 21. f5 Nd7 22.
h4 gxf5 23. exf5 Bxg2 24. Kxg2 Rc5 25. Ng3 Qc6+ 26. Kh3 Be5 27. c3 Qd5 28. Qe4
dxc3 29. Bxc3 Bxg3 30. Kxg3 Qxe4 31. dxe4 Rc4 32. Kf3 Rfc8 33. Rcd1 a5 34. Bxa5
Ne5+ 35. Kf4 Rc2 36. Bc3 Nc4 37. Rc1 Nxa3 38. Rxc2 Nxc2 39. Rd1 Kf8 40. Rd2 Na3
41. Rd5 Rc4 42. f6 Nb1 43. Rxb5 1-0

[Event "Aeroflot Open B 2015"]
[Site "Moscú RUS"]
[Date "2015.04.01"]
[Round "6.21"]
[White "Vuilleumier, Alexandre"]
[Black "Munguntuul, Batkhuyag"]
[Result "1/2-1/2"]
[WhiteElo "2349"]
[BlackElo "2426"]
[PlyCount "92"]
[EventDate "2015.03.27"]
[EventType "swiss"]
[EventRounds "9"]
[EventCountry "RUS"]
[Source "lmi"]
[SourceDate "2015.03.27"]

1. e4 c5 2. Nf3 e6 3. c3 Nf6 4. e5 Nd5 5. d4 cxd4 6. cxd4 d6 7. Bc4 Nc6 8. O-O
Be7 9. Qe2 O-O 10. Rd1 b6 11. Bd2 Bb7 12. Nc3 dxe5 13. dxe5 Nxc3 14. Bxc3 Qc7
15. Bd3 Rad8 16. Qe4 g6 17. Qf4 Rd5 18. Be4 Rc5 19. h4 f5 20. Bd3 Bf6 21. Bc4
Re8 22. Re1 Bg7 23. Bb3 Na5 24. Bb4 Nxb3 25. axb3 Rc2 26. Bc3 Bxf3 27. Qxf3 Rd8
28. Red1 a5 29. g3 Bh6 30. Kg2 Bd2 31. Ra4 b5 32. Rd4 Rxd4 33. Bxd4 Bb4 34. Rd3
Qc6 35. Qxc6 Rxc6 36. Bc3 Bxc3 37. bxc3 Rc5 38. f4 Rd5 39. Re3 Rd2+ 40. Kf1 Kg7
41. Ke1 Ra2 42. Kd1 Kf7 43. c4 bxc4 44. bxc4 Rb2 45. Ra3 Rb4 46. Rxa5 Rxc4
1/2-1/2

[Event "Aeroflot Open B 2015"]
[Site "Moscú RUS"]
[Date "2015.04.01"]
[Round "6.22"]
[White "Pustovoitova, Daria"]
[Black "Glek, Igor"]
[Result "1/2-1/2"]
[WhiteElo "2339"]
[BlackElo "2410"]
[PlyCount "32"]
[EventDate "2015.03.27"]
[EventType "swiss"]
[EventRounds "9"]
[EventCountry "RUS"]
[Source "lmi"]
[SourceDate "2015.03.27"]

1. d4 f5 2. c4 Nf6 3. Nc3 e6 4. g3 Bb4 5. Qc2 Nc6 6. Nf3 d6 7. Bg2 O-O 8. O-O
Bxc3 9. Qxc3 e5 10. dxe5 Ne4 11. Qd3 dxe5 12. Qd5+ Kh8 13. Qxd8 Rxd8 14. Ng5
Nxg5 15. Bxg5 Re8 16. Bxc6 bxc6 1/2-1/2

[Event "Aeroflot Open B 2015"]
[Site "Moscú RUS"]
[Date "2015.04.01"]
[Round "6.23"]
[White "Pasiev, Rakhim"]
[Black "Abhishek, Kelkar"]
[Result "1-0"]
[WhiteElo "2400"]
[BlackElo "2343"]
[PlyCount "120"]
[EventDate "2015.03.27"]
[EventType "swiss"]
[EventRounds "9"]
[EventCountry "RUS"]
[Source "lmi"]
[SourceDate "2015.03.27"]

1. d4 Nf6 2. Nc3 d5 3. Bf4 c6 4. e3 Bf5 5. Bd3 e6 6. f3 Bb4 7. Nge2 Nbd7 8. a3
Ba5 9. Bxf5 exf5 10. Qd3 g6 11. O-O-O Qe7 12. h3 O-O-O 13. g4 fxg4 14. hxg4
Rde8 15. Ng3 Bc7 16. Bxc7 Kxc7 17. e4 dxe4 18. Ngxe4 Kb8 19. Kb1 h5 20. d5 cxd5
21. Nxd5 Nxd5 22. Qxd5 Nf6 23. Nxf6 Qxf6 24. gxh5 Rd8 25. Qb3 Rxh5 26. Rxd8+
Qxd8 27. Re1 Rd5 28. Ka2 a6 29. Re4 Rf5 30. Qe3 Qd5+ 31. c4 Qc5 32. Qd3 a5 33.
f4 Ka7 34. Qc3 Qb6 35. Re8 Qc5 36. Re4 Qb6 37. Qd2 Qc6 38. Rd4 Qb6 39. Qd3 Qc5
40. Qe4 Qc6 41. Qe3 Qb6 42. Qd2 Qc6 43. Qd3 Qc5 44. Re4 Qb6 45. Qc3 Qc6 46. Rd4
Qb6 47. Rd5 Rh5 48. Qd2 Qc7 49. Qd4+ Qb6 50. Qc3 Qc7 51. Qd4+ Qb6 52. Qd2 Qc7
53. Qe3+ Qb6 54. Qd3 Qc7 55. Qe4 Qc6 56. Qe3+ Qb6 57. Qd3 Qc7 58. b4 axb4 59.
axb4 Qe7 60. Kb3 Qe1 1-0

[Event "Aeroflot Open B 2015"]
[Site "Moscú RUS"]
[Date "2015.04.01"]
[Round "6.24"]
[White "Lorparizangeneh, Shahin"]
[Black "Gevorgyan, David"]
[Result "1/2-1/2"]
[WhiteElo "2319"]
[BlackElo "2386"]
[PlyCount "110"]
[EventDate "2015.03.27"]
[EventType "swiss"]
[EventRounds "9"]
[EventCountry "RUS"]
[Source "lmi"]
[SourceDate "2015.03.27"]

1. d4 Nf6 2. c4 g6 3. Nc3 Bg7 4. e4 d6 5. f3 a6 6. Be3 c6 7. a4 a5 8. Qd2 Na6
9. Rd1 Qc7 10. Bd3 e5 11. Nge2 Bd7 12. O-O O-O 13. Kh1 Rad8 14. Bc2 Bc8 15. d5
Nb4 16. Bb3 c5 17. Nb5 Qb8 18. Bg5 Rde8 19. g4 Nd7 20. Ng3 f6 21. Bh6 Bxh6 22.
Qxh6 Rf7 23. Rg1 Ree7 24. Rd2 Rg7 25. Bc2 b6 26. b3 Ba6 27. Nc3 Qf8 28. Bb1 Kf7
29. Kg2 Ke8 30. Kf2 Kd8 31. Ke1 Rg8 32. Qe3 Rf7 33. h4 Kc7 34. Kd1 Kb8 35. Kc1
Bc8 36. Kb2 Na6 37. Na2 Nc7 38. Nc1 Qe7 39. Rdg2 Nf8 40. Nce2 Kb7 41. h5 Bd7
42. Rh2 Ne8 43. Bc2 Ng7 44. Qd2 Ne8 45. Rgh1 Nc7 46. Nc3 Be8 47. Rh3 Rfg7 48.
Nd1 Rf7 49. Ne3 Bd7 50. Qh2 Ne8 51. Ka2 Rgg7 52. Rh4 Rg8 53. Rh3 Rgg7 54. Rh4
Rg8 55. Rh3 Rgg7 1/2-1/2

[Event "Aeroflot Open B 2015"]
[Site "Moscú RUS"]
[Date "2015.04.01"]
[Round "6.25"]
[White "Palit, Somak"]
[Black "Demianjuk, Alexander"]
[Result "1-0"]
[WhiteElo "2415"]
[BlackElo "2340"]
[PlyCount "147"]
[EventDate "2015.03.27"]
[EventType "swiss"]
[EventRounds "9"]
[EventCountry "RUS"]
[Source "lmi"]
[SourceDate "2015.03.27"]

1. e4 c5 2. Nf3 e6 3. d3 Nc6 4. g3 Nge7 5. Bg2 g6 6. d4 cxd4 7. Nxd4 Bg7 8. Nb5
d5 9. exd5 exd5 10. Bf4 O-O 11. c3 Bf5 12. O-O a6 13. N5a3 Qd7 14. Nd2 Bh3 15.
Bxh3 Qxh3 16. Nf3 Qg4 17. Nc2 Rad8 18. Re1 h6 19. Ncd4 Qc8 20. Qd2 Nf5 21. Be5
Nxe5 22. Nxe5 Rfe8 23. Qf4 Nd6 24. Ng4 h5 25. Rxe8+ Nxe8 26. Nh6+ Bxh6 27. Qxh6
Nc7 28. Rd1 Ne6 29. Qe3 Ng7 30. Qg5 Rd6 31. Re1 Ne6 32. Qf6 Nxd4 33. Qxd4 Re6
34. Re5 Rxe5 35. Qxe5 Qc6 36. h4 b5 37. Qd4 Qe6 38. Kg2 Qc6 39. Kf3 Qe6 40. Kf4
Qf5+ 41. Ke3 Qe6+ 42. Kd2 Qc6 43. Kc2 Kf8 44. Kb3 a5 45. Kc2 Kg8 46. Qa7 a4 47.
Qd4 Kf8 48. b3 axb3+ 49. Kxb3 Kg8 50. Kb4 Qa8 51. Kb3 Qc6 52. a3 Qd6 53. Qa7
Qc6 54. Qb8+ Kg7 55. Qf4 Kg8 56. Kb4 Qa8 57. Kxb5 Qxa3 58. Qb4 Qa7 59. Qd4 Qc7
60. f4 Qc8 61. Kb6 Qd8+ 62. Kc6 Qa8+ 63. Kd6 Qd8+ 64. Ke5 Kg7 65. Qxd5 Qf6+ 66.
Ke4 Qxc3 67. Qe5+ Qxe5+ 68. Kxe5 Kf8 69. Kf6 Kg8 70. f5 gxf5 71. Kxf5 Kg7 72.
Kg5 f6+ 73. Kxh5 Kh7 74. Kg4 1-0

[Event "Aeroflot Open B 2015"]
[Site "Moscú RUS"]
[Date "2015.04.01"]
[Round "6.26"]
[White "Guliyev, Namig"]
[Black "Savenkov, Konstantin"]
[Result "1-0"]
[WhiteElo "2539"]
[BlackElo "2331"]
[PlyCount "67"]
[EventDate "2015.03.27"]
[EventType "swiss"]
[EventRounds "9"]
[EventCountry "RUS"]
[Source "lmi"]
[SourceDate "2015.03.27"]

1. e4 e5 2. Nf3 Nc6 3. Bb5 a6 4. Ba4 d6 5. O-O Bd7 6. c3 Nge7 7. d4 Ng6 8. d5
Nb8 9. c4 Be7 10. Nc3 h6 11. Be3 Bg5 12. Qd2 Bf4 13. b4 O-O 14. c5 Bg4 15. Ne1
Qg5 16. g3 Bh3 17. Ng2 a5 18. a3 axb4 19. axb4 dxc5 20. bxc5 Ra6 21. Qe2 h5 22.
Rfb1 h4 23. Rxb7 Rf6 24. Bd1 hxg3 25. hxg3 Bxg2 26. Kxg2 Nh4+ 27. Kg1 Rh6 28.
Ra8 Nd7 29. Rxf8+ Nxf8 30. Rb8 Nhg6 31. d6 cxd6 32. c6 Rh8 33. c7 Qh6 34. Qh5
1-0

[Event "Aeroflot Open B 2015"]
[Site "Moscú RUS"]
[Date "2015.04.01"]
[Round "6.27"]
[White "Papin, Vasily"]
[Black "Salman, Pavel"]
[Result "1/2-1/2"]
[WhiteElo "2501"]
[BlackElo "2288"]
[PlyCount "59"]
[EventDate "2015.03.27"]
[EventType "swiss"]
[EventRounds "9"]
[EventCountry "RUS"]
[Source "lmi"]
[SourceDate "2015.03.27"]

1. c4 c5 2. Nf3 Nf6 3. Nc3 e6 4. g3 b6 5. Bg2 Bb7 6. O-O Be7 7. d4 cxd4 8. Qxd4
d6 9. Bg5 O-O 10. Rfd1 Ne8 11. Qh4 f6 12. Be3 Nc6 13. Nd4 f5 14. Qh3 Nxd4 15.
Bxb7 Nc2 16. Bxa8 Qxa8 17. Rab1 Nxe3 18. fxe3 Bg5 19. Qg2 Bxe3+ 20. Kh1 Qc8 21.
Rd3 Bg5 22. b3 Qc5 23. Rbd1 Nf6 24. h3 Qe5 25. Qc6 Ne4 26. Nxe4 fxe4 27. Qxd6
Qf5 28. g4 Qg6 29. Rc3 Rd8 30. Qxd8+ 1/2-1/2

[Event "Aeroflot Open B 2015"]
[Site "Moscú RUS"]
[Date "2015.04.01"]
[Round "6.29"]
[White "Gurvich, Vitaly"]
[Black "Korchmar, Vasiliy"]
[Result "0-1"]
[WhiteElo "2247"]
[BlackElo "2405"]
[PlyCount "90"]
[EventDate "2015.03.27"]
[EventType "swiss"]
[EventRounds "9"]
[EventCountry "RUS"]
[Source "lmi"]
[SourceDate "2015.03.27"]

1. d4 e6 2. c4 b6 3. Nc3 Bb7 4. Nf3 Bb4 5. Bg5 Bxc3+ 6. bxc3 Ne7 7. e3 O-O 8.
Be2 d6 9. O-O f6 10. Bh4 Nf5 11. Bg3 Nxg3 12. hxg3 Nd7 13. Nd2 f5 14. a4 a5 15.
Bf3 Bxf3 16. gxf3 e5 17. f4 e4 18. f3 exf3 19. Qxf3 Nf6 20. e4 fxe4 21. Nxe4
Nxe4 22. Qxe4 Qd7 23. Qd5+ Kh8 24. Rfe1 Rae8 25. Qb5 c6 26. Qg5 Qf7 27. c5 h6
28. Qg4 dxc5 29. dxc5 bxc5 30. Qf3 Qg6 31. Re3 Rxe3 32. Qxe3 Re8 33. Qf3 Qc2
34. Rf1 Qxa4 35. f5 Qe4 36. Qxe4 Rxe4 37. f6 Kg8 38. fxg7 Kxg7 39. Ra1 a4 40.
Kg2 Rc4 41. Kh3 Kf6 42. Kg2 Kf5 43. Kh3 Ke4 44. Ra3 Kd3 45. g4 Kc2 0-1

[Event "Aeroflot Open B 2015"]
[Site "Moscú RUS"]
[Date "2015.04.01"]
[Round "6.30"]
[White "Nazarenus, Moritz"]
[Black "Litvinov, Maxim"]
[Result "1/2-1/2"]
[WhiteElo "2217"]
[BlackElo "2389"]
[PlyCount "138"]
[EventDate "2015.03.27"]
[EventType "swiss"]
[EventRounds "9"]
[EventCountry "RUS"]
[Source "lmi"]
[SourceDate "2015.03.27"]

1. d4 Nf6 2. Nf3 e6 3. Bg5 Be7 4. Nbd2 h6 5. Bh4 d5 6. e3 O-O 7. Bd3 Nbd7 8.
O-O c5 9. c3 b6 10. Ne5 Nxe5 11. dxe5 Nd7 12. Bxe7 Qxe7 13. f4 Bb7 14. Qe2 Rfd8
15. Rad1 a6 16. Bb1 Rac8 17. Nb3 a5 18. Nc1 Nf8 19. Qg4 Rc7 20. Ne2 Ba6 21. Rf2
Bxe2 22. Qxe2 Qe8 23. Qc2 b5 24. Rfd2 Qc6 25. a3 Rcd7 26. h3 Qb6 27. Kh2 Ng6
28. h4 b4 29. h5 Nf8 30. g4 bxa3 31. bxa3 d4 32. exd4 cxd4 33. cxd4 Rxd4 34.
Rxd4 Rxd4 35. Qf2 Rb4 36. Qxb6 Rxb6 37. Be4 Rb2+ 38. Kg3 f6 39. Bg6 Rb5 40. Rc1
fxe5 41. fxe5 Rxe5 42. Kf4 Rd5 43. Rc8 Rd4+ 44. Kf3 Ra4 45. Rc3 Nxg6 46. hxg6
Kf8 47. Rc7 Rxa3+ 48. Kf2 Ra4 49. Rf7+ Kg8 50. Kg3 Ra3+ 51. Kg2 Rd3 52. Ra7 Kf8
53. Rf7+ Ke8 54. Rxg7 Rd5 55. Ra7 Kf8 56. Kf3 Rg5 57. Kf4 Kg8 58. Kf3 Rxg6 59.
Rxa5 Kf7 60. Kf4 Ke7 61. Rb5 Kf6 62. Rh5 Ke7 63. Rb5 Kd6 64. Ra5 Rf6+ 65. Ke4
Rg6 66. Kf4 Rg8 67. Rh5 Rf8+ 68. Ke4 Rf6 69. Ra5 Rg6 1/2-1/2

[Event "Aeroflot Open B 2015"]
[Site "Moscú RUS"]
[Date "2015.04.01"]
[Round "6.31"]
[White "Mammadzada, Gunay"]
[Black "Tomashevskaya, Lidia"]
[Result "1-0"]
[WhiteElo "2336"]
[BlackElo "2232"]
[PlyCount "117"]
[EventDate "2015.03.27"]
[EventType "swiss"]
[EventRounds "9"]
[EventCountry "RUS"]
[Source "lmi"]
[SourceDate "2015.03.27"]

1. e4 e5 2. Nf3 Nc6 3. Bb5 a6 4. Ba4 Nf6 5. O-O Be7 6. Re1 b5 7. Bb3 d6 8. c3
O-O 9. d4 Bg4 10. Be3 exd4 11. cxd4 Na5 12. Bc2 c5 13. h3 Bh5 14. g4 Bg6 15.
Nbd2 Rc8 16. d5 Re8 17. Bf4 Bf8 18. Bg3 h5 19. Nh4 hxg4 20. Nxg6 fxg6 21. hxg4
Nd7 22. f4 g5 23. e5 gxf4 24. e6 fxg3 25. exd7 Qxd7 26. Bf5 Qf7 27. Qf3 Qf6 28.
Bxc8 Qd4+ 29. Kf1 Rxc8 30. Ne4 Be7 31. Nxg3 Bh4 32. Nf5 Qc4+ 33. Re2 Rf8 34. b3
Qb4 35. Re4 Qd2 36. Rf4 Kh7 37. Qe4 g6 38. Ne3 Rxf4+ 39. Qxf4 Qb2 40. Rd1 Qf6
41. Qxf6 Bxf6 42. Ke2 Nb7 43. a4 Nd8 44. axb5 axb5 45. Nc2 c4 46. bxc4 bxc4 47.
Na3 c3 48. Nb5 Nf7 49. Rc1 Kh6 50. Nxc3 Bxc3 51. Rxc3 Ne5 52. Rc6 Kg5 53. Rxd6
Kxg4 54. Rf6 Kg5 55. Rf1 Kh6 56. Ke3 Kg7 57. Kd4 Nd7 58. d6 g5 59. Kd5 1-0

[Event "Aeroflot Open B 2015"]
[Site "Moscú RUS"]
[Date "2015.04.01"]
[Round "6.32"]
[White "Kazimova, Narmin"]
[Black "Gavrilov, Alexei"]
[Result "1-0"]
[WhiteElo "2262"]
[BlackElo "2485"]
[PlyCount "145"]
[EventDate "2015.03.27"]
[EventType "swiss"]
[EventRounds "9"]
[EventCountry "RUS"]
[Source "lmi"]
[SourceDate "2015.03.27"]

1. Nf3 Nf6 2. c4 g6 3. d4 Bg7 4. g3 O-O 5. Bg2 d6 6. O-O Nc6 7. Nc3 Bf5 8. Ne1
Na5 9. e4 Bg4 10. f3 Be6 11. b3 c5 12. Nc2 cxd4 13. Nxd4 Nc6 14. Be3 Bd7 15.
Qd2 Qa5 16. Rfd1 Rfd8 17. Rac1 Rac8 18. Qf2 Nxd4 19. Bxd4 b6 20. Bf1 Bh6 21.
Rc2 e5 22. Be3 Bxe3 23. Qxe3 Bc6 24. Rcd2 Qb4 25. Nb1 Ne8 26. a3 Qc5 27. Kf2 a5
28. h4 Kf8 29. Ke2 Qxe3+ 30. Kxe3 Ke7 31. Nc3 Ng7 32. Bh3 Rc7 33. f4 f6 34.
fxe5 fxe5 35. Rf1 Rf8 36. Rxf8 Kxf8 37. Rxd6 Ke7 38. Rd2 Nh5 39. Kf3 Nf6 40.
Ke3 h6 41. Rf2 Bb7 42. Nd5+ Bxd5 43. exd5 Ne8 44. a4 Nd6 45. Be6 Rb7 46. g4 Rb8
47. g5 hxg5 48. hxg5 Rh8 49. Rf6 Rh2 50. Bg4 Rg2 51. Re6+ Kd7 52. Kf3 Rb2 53.
Rxe5+ Kd8 54. Re3 Nb7 55. Kf4 Nc5 56. d6 Rd2 57. d7 Rd4+ 58. Kf3 Nxd7 59. Re6
Rd3+ 60. Kf4 Rd4+ 61. Kf3 Rd3+ 62. Kf2 Rd4 63. Be2 Rd2 64. Rxg6 Rb2 65. Re6 Nc5
66. Rxb6 Ne4+ 67. Ke3 Nxg5 68. Rb5 Ne6 69. Bd1 Kc7 70. Rxa5 Kb6 71. Rb5+ Kc6
72. Rf5 Kc7 73. Rd5 1-0

[Event "Aeroflot Open B 2015"]
[Site "Moscú RUS"]
[Date "2015.04.01"]
[Round "6.33"]
[White "Kanter, Eduard"]
[Black "Hakobyan, Aram"]
[Result "1/2-1/2"]
[WhiteElo "2349"]
[BlackElo "2283"]
[PlyCount "133"]
[EventDate "2015.03.27"]
[EventType "swiss"]
[EventRounds "9"]
[EventCountry "RUS"]
[Source "lmi"]
[SourceDate "2015.03.27"]

1. d4 Nf6 2. c4 e6 3. Nf3 b6 4. a3 Bb7 5. Nc3 d5 6. cxd5 Nxd5 7. Bd2 Be7 8. Qc2
O-O 9. e4 Nxc3 10. Bxc3 Nd7 11. Rd1 Rc8 12. Bc4 Nf6 13. Bd3 c5 14. dxc5 Rxc5
15. O-O Qa8 16. Rfe1 Rd8 17. Qe2 Rcc8 18. Nd2 Nd7 19. Nb3 Bf6 20. Bxf6 Nxf6 21.
f3 Qb8 22. Ba6 Bxa6 23. Qxa6 g6 24. Rc1 Kg7 25. Rxc8 Rxc8 26. Qd3 Qe5 27. Qd2
Rc7 28. Rc1 Rd7 29. Qc3 Qb5 30. Nd4 Qg5 31. Re1 h5 32. Nc2 Qd2 33. Re3 h4 34.
Qxd2 Rxd2 35. Rc3 Nh5 36. Rc7 Nf4 37. g3 Ne2+ 38. Kf1 hxg3 39. hxg3 Nxg3+ 40.
Ke1 Re2+ 41. Kd1 Rf2 42. Nd4 Kf6 43. Rxa7 Rxb2 44. Kc1 Rf2 45. Rb7 Ke5 46. Nc6+
Kd6 47. Nd8 f5 48. Nf7+ Kc5 49. Ne5 Rf1+ 50. Kc2 g5 51. Rg7 Rf2+ 52. Kd3 Ra2
53. Nc4 g4 54. exf5 exf5 55. fxg4 b5 56. Rc7+ Kd5 57. Ne3+ Kd6 58. Rc3 f4 59.
Nf5+ Kd5 60. Rb3 Kc5 61. Nxg3 fxg3 62. Ke4 g2 63. Rg3 Rxa3 64. Rxg2 Ra8 65. g5
b4 66. g6 b3 67. g7 1/2-1/2

[Event "Aeroflot Open B 2015"]
[Site "Moscú RUS"]
[Date "2015.04.01"]
[Round "6.34"]
[White "Gadimbayli, Abdulla"]
[Black "Kulkarni, Rakesh"]
[Result "0-1"]
[WhiteElo "2332"]
[BlackElo "2282"]
[PlyCount "108"]
[EventDate "2015.03.27"]
[EventType "swiss"]
[EventRounds "9"]
[EventCountry "RUS"]
[Source "lmi"]
[SourceDate "2015.03.27"]

1. e4 d5 2. exd5 Qxd5 3. Nc3 Qd6 4. d4 Nf6 5. Nf3 c6 6. Ne5 Nbd7 7. Nc4 Qc7 8.
d5 cxd5 9. Nxd5 Nxd5 10. Qxd5 Nf6 11. Qe5 Qxe5+ 12. Nxe5 Nd7 13. Bb5 f6 14.
Nxd7 Bxd7 15. Bxd7+ Kxd7 16. Be3 e5 17. O-O-O+ Ke6 18. Rd3 Be7 19. Rhd1 Rhd8
20. Rxd8 Bxd8 21. Bxa7 Be7 22. Be3 Rxa2 23. Rd3 Ra1+ 24. Kd2 b5 25. Ke2 f5 26.
Rb3 b4 27. Bd2 Ra4 28. f3 Kd5 29. Rd3+ Ke6 30. Rb3 g5 31. c3 bxc3 32. Bxc3 g4
33. Rb6+ Bd6 34. fxg4 Rxg4 35. g3 h5 36. Be1 Kd5 37. Bf2 Rc4 38. Kd1 h4 39.
gxh4 Rg4 40. Rb3 Rg2 41. Ke1 Rxh2 42. Kf1 Bc5 43. Bg3 Rh1+ 44. Kg2 Rg1+ 45. Kh3
f4 46. Bh2 Rg8 47. Rb7 Bg1 48. Bxg1 Rxg1 49. h5 f3 50. Rf7 e4 51. h6 Rh1+ 52.
Kg3 Rxh6 53. Kf4 Ke6 54. Ra7 f2 0-1

[Event "Aeroflot Open B 2015"]
[Site "Moscú RUS"]
[Date "2015.04.01"]
[Round "6.35"]
[White "Ovod, Evgenija"]
[Black "Derakhshani, Dorsa"]
[Result "1/2-1/2"]
[WhiteElo "2325"]
[BlackElo "2169"]
[PlyCount "77"]
[EventDate "2015.03.27"]
[EventType "swiss"]
[EventRounds "9"]
[EventCountry "RUS"]
[Source "lmi"]
[SourceDate "2015.03.27"]

1. d4 Nf6 2. c4 e6 3. Nc3 Bb4 4. e3 c5 5. Bd3 Nc6 6. Nf3 Bxc3+ 7. bxc3 d6 8.
O-O e5 9. e4 Bg4 10. d5 Ne7 11. h3 Bh5 12. g4 Bg6 13. Qe2 Qd7 14. Nh4 b6 15. f4
h5 16. Nxg6 Nxg6 17. f5 hxg4 18. fxg6 Rxh3 19. Bg5 O-O-O 20. Bxf6 Rdh8 21. Bxg7
Rh1+ 22. Kf2 R8h2+ 23. Ke3 Rxe2+ 24. Bxe2 Rxf1 25. Rxf1 fxg6 26. Bh6 g3 27. Kd3
b5 28. Kd2 bxc4 29. Bxc4 Qh3 30. Be3 Qg2+ 31. Be2 Qxe4 32. c4 g2 33. Rg1 g5 34.
Bd3 Qf3 35. Be2 Qg3 36. Bd3 Qg4 37. Be2 Qe4 38. Bd3 Qf3 39. Be2 1/2-1/2

[Event "Aeroflot Open B 2015"]
[Site "Moscú RUS"]
[Date "2015.04.01"]
[Round "6.36"]
[White "Ruecker, Benjamin"]
[Black "Mammadova, Gulnar"]
[Result "1-0"]
[WhiteElo "2269"]
[BlackElo "2314"]
[PlyCount "53"]
[EventDate "2015.03.27"]
[EventType "swiss"]
[EventRounds "9"]
[EventCountry "RUS"]
[Source "lmi"]
[SourceDate "2015.03.27"]

1. d4 e6 2. c4 f5 3. Nc3 Nf6 4. e3 Be7 5. Bd3 d5 6. Nge2 O-O 7. Qc2 c6 8. O-O
Bd6 9. f3 Na6 10. a3 Qc7 11. h3 Bd7 12. c5 Bh2+ 13. Kh1 Nh5 14. f4 Bg3 15. Bd2
Rae8 16. Be1 Bxe1 17. Rfxe1 Qd8 18. Ng1 g5 19. g4 Ng7 20. Nf3 h6 21. Rg1 gxf4
22. exf4 fxg4 23. Ne5 Rf5 24. Rxg4 h5 25. Rxg7+ Kxg7 26. Qg2+ Kf8 27. Rg1 1-0

[Event "Aeroflot Open B 2015"]
[Site "Moscú RUS"]
[Date "2015.04.01"]
[Round "6.37"]
[White "Zherebtsova, Alexandra"]
[Black "Vojinovic, Jovana"]
[Result "1-0"]
[WhiteElo "2184"]
[BlackElo "2284"]
[PlyCount "105"]
[EventDate "2015.03.27"]
[EventType "swiss"]
[EventRounds "9"]
[EventCountry "RUS"]
[Source "lmi"]
[SourceDate "2015.03.27"]

1. d4 d5 2. c4 Nc6 3. cxd5 Qxd5 4. e3 e5 5. Nc3 Bb4 6. Bd2 Bxc3 7. bxc3 Qd6 8.
Ne2 Nf6 9. Ng3 O-O 10. Be2 Ne7 11. O-O c5 12. Qb1 Nc6 13. f4 exd4 14. e4 Qe7
15. e5 Ng4 16. Bd3 dxc3 17. Bxh7+ Kh8 18. Be1 Ne3 19. Rf2 Ng4 20. Rf3 Qh4 21.
Be4 Qxh2+ 22. Kf1 Nd4 23. Rxc3 f6 24. e6 Nxe6 25. Qd1 Nd4 26. Bf2 Rd8 27. Rxc5
Ne6 28. Rd5 Rxd5 29. Qxd5 Qh6 30. Qb5 Bd7 31. Qxd7 Qxf4 32. Bf3 Nh2+ 33. Kg1
Nxf3+ 34. gxf3 Ng5 35. Qxg7+ Kxg7 36. Nh5+ Kf7 37. Nxf4 Nxf3+ 38. Kg2 Ne5 39.
Rc1 Rg8+ 40. Kf1 Nc6 41. Rb1 b6 42. Rc1 Rc8 43. Ke1 b5 44. Rc5 a6 45. Nd5 Ne7
46. Nxe7 Rxc5 47. Bxc5 Ke6 48. Ke2 a5 49. Ke3 Ke5 50. Bb6 Kd6 51. Nf5+ Kc6 52.
Bxa5 Kc5 53. a3 1-0

[Event "Aeroflot Open B 2015"]
[Site "Moscú RUS"]
[Date "2015.04.01"]
[Round "6.38"]
[White "Mamyrbay, Assad"]
[Black "Yeletsky, Ivan"]
[Result "0-1"]
[WhiteElo "2222"]
[BlackElo "2312"]
[PlyCount "116"]
[EventDate "2015.03.27"]
[EventType "swiss"]
[EventRounds "9"]
[EventCountry "RUS"]
[Source "lmi"]
[SourceDate "2015.03.27"]

1. e4 e5 2. Nf3 Nc6 3. Bb5 Nge7 4. Nc3 g6 5. d4 exd4 6. Nxd4 Bg7 7. Be3 O-O 8.
O-O a6 9. Bc4 Ne5 10. Be2 d5 11. f4 Nc4 12. Bxc4 dxc4 13. f5 Qd6 14. fxg6 hxg6
15. Qd2 Bg4 16. Qf2 Rad8 17. Nf3 Bxf3 18. Qxf3 Qb4 19. Bg5 Qc5+ 20. Be3 Qa5 21.
Rad1 Rxd1 22. Nxd1 Nc6 23. Qh3 Ne5 24. Bh6 Qc5+ 25. Kh1 Rd8 26. Ne3 c6 27. Bxg7
Kxg7 28. Qh4 Rf8 29. Qg5 f6 30. Nf5+ Kf7 31. Nh6+ Kg7 32. Nf5+ Kf7 33. Nh6+ Ke7
34. Qf4 Qd6 35. Ng4 g5 36. Qf3 Nxg4 37. Qxg4 Rh8 38. h3 Qe6 39. Qxe6+ Kxe6 40.
Rd1 Rh4 41. Rd4 b5 42. Kg1 Ke5 43. Rd8 Rxe4 44. Kf2 Rd4 45. Re8+ Kf5 46. g4+
Kf4 47. Re2 Rd6 48. a3 c5 49. c3 a5 50. Ke1 Rd3 51. Kf1 Rxh3 52. Re6 Rh2 53.
Rxf6+ Kxg4 54. Rc6 a4 55. Rxc5 Rxb2 56. Rd5 Kf3 57. Rf5+ Ke3 58. Rxg5 Kd3 0-1

[Event "Aeroflot Open B 2015"]
[Site "Moscú RUS"]
[Date "2015.04.01"]
[Round "6.39"]
[White "Zilbert, Oleg"]
[Black "Bayarmaa, Bayarjargal"]
[Result "1-0"]
[WhiteElo "2250"]
[BlackElo "2264"]
[PlyCount "83"]
[EventDate "2015.03.27"]
[EventType "swiss"]
[EventRounds "9"]
[EventCountry "RUS"]
[Source "lmi"]
[SourceDate "2015.03.27"]

1. e4 c5 2. Nf3 d6 3. Bb5+ Bd7 4. Bxd7+ Qxd7 5. O-O Nc6 6. c4 g6 7. d4 cxd4 8.
Nxd4 Bg7 9. Be3 Nf6 10. f3 O-O 11. Nc3 Rfc8 12. Nde2 Qe8 13. Rc1 Rd8 14. Qd2
Rac8 15. b3 e6 16. Bg5 Ne7 17. Qf4 Nh5 18. Qh4 Bf8 19. g4 Ng7 20. Rfd1 a6 21.
Kh1 Rb8 22. a4 Rd7 23. Rd3 f5 24. Rcd1 Qf7 25. Rg1 Kh8 26. Nf4 e5 27. Nfd5 Nxd5
28. Nxd5 fxe4 29. fxe4 Ne6 30. Bf6+ Bg7 31. g5 Bxf6 32. Nxf6 Nf4 33. Rd2 b5 34.
axb5 Rdd8 35. Rgd1 d5 36. exd5 axb5 37. c5 Rbc8 38. b4 Nxd5 39. Rxd5 Rxd5 40.
Rxd5 Ra8 41. Qe4 h6 42. Qxe5 1-0

[Event "Aeroflot Open B 2015"]
[Site "Moscú RUS"]
[Date "2015.04.01"]
[Round "6.40"]
[White "Baterdene, Tsogbayar"]
[Black "Pratyusha, Bodda"]
[Result "0-1"]
[WhiteElo "2196"]
[BlackElo "2270"]
[PlyCount "220"]
[EventDate "2015.03.27"]
[EventType "swiss"]
[EventRounds "9"]
[EventCountry "RUS"]
[Source "lmi"]
[SourceDate "2015.03.27"]

1. e4 e5 2. Nf3 Nc6 3. Bb5 a6 4. Ba4 Nf6 5. O-O Be7 6. Re1 b5 7. Bb3 d6 8. c3
O-O 9. h3 Nb8 10. d4 Nbd7 11. a4 Bb7 12. Bc2 c5 13. Nbd2 Re8 14. b3 exd4 15.
cxd4 cxd4 16. axb5 axb5 17. Rxa8 Bxa8 18. Nxd4 Qb6 19. Bb2 Bf8 20. Bd3 b4 21.
Nf5 g6 22. Bd4 Qd8 23. Ng3 Bc6 24. Qc2 Nc5 25. Bc4 Bh6 26. Be3 Bxe3 27. Rxe3
Qa8 28. Bd3 h5 29. Qc4 Qa1+ 30. Ngf1 Qc3 31. Bc2 Qb2 32. Bb1 Rb8 33. e5 Bb5 34.
Qc2 Qxc2 35. Bxc2 Nd5 36. Re1 Re8 37. Nf3 dxe5 38. Rxe5 Rxe5 39. Nxe5 Nc3 40.
Nd2 Ne2+ 41. Kh2 Nd4 42. Bd1 Kg7 43. h4 Kf6 44. Nef3 Nxf3+ 45. Nxf3 Ne4 46. Kg1
Nc3 47. Nd4 Bd7 48. Bf3 Ke5 49. Nc6+ Bxc6 50. Bxc6 Ne4 51. Be8 Nd6 52. Bc6 f6
53. g3 g5 54. Kg2 gxh4 55. gxh4 Nf5 56. Be8 Nxh4+ 57. Kh3 Nf5 58. Bxh5 Kf4 59.
Kg2 Nd6 60. Kf1 Ke4 61. Ke2 f5 62. Bg6 Kd4 63. Bh7 Ke4 64. Bg8 Nb5 65. Bc4 Nc3+
66. Kf1 f4 67. Bg8 Kf3 68. Bf7 Kg4 69. Be6+ Kg5 70. Kg2 Nb5 71. Bg8 Nd4 72. Bc4
Kg4 73. Bg8 f3+ 74. Kg1 Nb5 75. Be6+ Kf4 76. Bf7 Nc3 77. Kf1 Ne4 78. Bg8 Ke5
79. Bf7 Kd4 80. Ke1 Ng5 81. Bg8 Nh3 82. Bf7 Nf4 83. Kd2 Nd3 84. Bh5 Ne5 85. Be8
Ke4 86. Bh5 Kf4 87. Be8 Ng4 88. Ke1 Nh6 89. Bh5 Ng8 90. Kf1 Nf6 91. Bf7 Ke4 92.
Ke1 Kd3 93. Bc4+ Kc3 94. Bf7 Kc2 95. Be6 Kc1 96. Bf7 Nd7 97. Bd5 Ne5 98. Be4
Kb2 99. Bd5 Kc2 100. Bg8 Nd3+ 101. Kf1 Nc1 102. Bh7+ Kc3 103. Be4 Nxb3 104. Kg1
Nd4 105. Kf1 Kd2 106. Kg1 b3 107. Kh2 Nc2 108. Bd5 b2 109. Ba2 Nb4 110. Bb1 Kc1
0-1